Encyclopaedia of Muslim Women (Record no. 14174)
[ view plain ]
| 000 -LEADER | |
|---|---|
| fixed length control field | 00808nam a2200241 a 4500 |
| 020 ## - INTERNATIONAL STANDARD BOOK NUMBER | |
| ISBN | 8171692 |
| 082 00 - DEWEY DECIMAL CLASSIFICATION NUMBER | |
| Classification number | 305.480297030 |
| Author Cutter | CHA |
| 100 ## - MAIN ENTRY--AUTHOR NAME | |
| Author name | Chaturvedi, Archana |
| 245 ## - TITLE STATEMENT | |
| Title | Encyclopaedia of Muslim Women |
| 260 ## - PUBLICATION, DISTRIBUTION, ETC. (IMPRINT) | |
| Place of publication | Delhi |
| Name of publisher | Commenwealth Pub |
| Year of publication | 2003 |
| 500 ## - GENERAL NOTE | |
| General note | includes index and biblioraphy |
| 505 2# - FORMATTED CONTENTS NOTE | |
| Formatted contents note | Index, Quranic Verses |
| 505 2# - FORMATTED CONTENTS NOTE | |
| Formatted contents note | Index, Quranic Verses00 |
| 650 ## - SUBJECT ADDED ENTRY--TOPICAL TERM | |
| Topical Term | Muslim Women |
| 942 ## - ADDED ENTRY ELEMENTS (KOHA) | |
| Koha item type | Books |
| 700 1# - | |
| -- | Chaturvedi, Archana |
| Collection code | Home library | Current library | Shelving location | Date acquired | Cost, normal purchase price | Full call number | Accession Number | Koha item type |
|---|---|---|---|---|---|---|---|---|
| Reference | Henry Martyn Institute Library | Henry Martyn Institute Library | Reference | 3500.00 | 305.480297030 CHA | 020552 | Books | |
| Reference | Henry Martyn Institute Library | Henry Martyn Institute Library | Reference | 100.00 | 305.480297030 CHA | 020553 | Books | |
| Reference | Henry Martyn Institute Library | Henry Martyn Institute Library | Reference | 100.00 | 305.480297030 CHA | 020554 | Books | |
| Reference | Henry Martyn Institute Library | Henry Martyn Institute Library | Reference | 100.00 | 305.480297030 CHA | 020555 | Books | |
| Reference | Henry Martyn Institute Library | Henry Martyn Institute Library | Reference | 100.00 | 305.480297030 CHA | 020556 | Books |
